000 00678nam a2200229 i 4500
001 bg
245 0 0 _aMetody statystyczne i techniki data mining w badaniach naukowych :
_bseminarium, Warszawa 15 października 2002.
260 _aKraków :
_b"StatSoft",
_c2002.
300 _a100 s. :
_bil. ;
_c24 cm.
504 _aBibliogr. po ref.
650 9 _aData mining
_xstosowanie
650 9 _aStatystyka matematyczna
_xmetody
650 9 _aAnaliza danych
655 _aMateriały konferencyjne
020 _a8388724126
040 _cBPK
041 0 _apl
080 _a519.2:311](061)
920 _a83-88724-12-6
942 _cKS
008 s pl f |000 0 pol
999 _c42252
_d42252
856 _uhttp://koha.tu.koszalin.pl/cgi-bin/koha/opac-detail.pl?biblionumber=42252
_yKatalog online BPK